Consumer behavior : Concepts and applications

Bibliographic Details
Main Author: Loudon, David L
Other Authors: Bitta, Albert J.Della
Format: Book
Published: New York : MacGraw-Hill,Inc. , 1993
Subjects:

MARC

LEADER 00000cam a2200000 7i4500
001 0000002328
002 000002535
005 20000330.0
020 |a 0071125116 
090 0 0 |a 658.834   |b LOU 
100 1 |a Loudon, David L 
245 1 0 |a Consumer behavior :   |b Concepts and applications   |c David L.Loudon and Albert J.Della Bitta 
260 |a New York :   |b MacGraw-Hill,Inc. ,   |c 1993 
300 |a 788p. :   |b ill ;   |c 26cm. 
650 0 0 |a Consumer behavior 
700 1 |a Bitta, Albert J.Della 
999 |a 035851   |b BUKU   |c PINJAMAN   |e PERPUSTAKAAN KOMUNITI PETALING JAYA 
999 |a 035852   |b BUKU   |c PINJAMAN   |e PERPUSTAKAAN KOMUNITI PETALING JAYA